000 00445nam a2200157Ia 4500
008 220216s9999 xx 000 0 und d
100 _aMathew N.M.
245 0 _aTowards larger natural rubber consumption in India
260 _bIndian Rubber Journal
_c2001
300 _a35-38
650 _aEpoxidized natural rubber
650 _aRubber application
650 _aRubber consumption
650 _aStyrene graft natural rubber
942 _cBS
999 _c50931
_d50931